Gender Inequality from a Cultural Perspective
Rodová identita ako jedna z početných zložiek identity jednotlivca. Analýza najnovších meraní rodovej nerovnosti a jej dôsledkov pre kultúru, život jednotlivcov a hospodársky rozvoj krajín, najmä členov Európskej únie.
Salvato in:
| Autore principale: | |
|---|---|
| Natura: | Capitolo di libro |
| Lingua: | inglese |
| Soggetti: | |
| Tags: |
Nessun Tag, puoi essere il primo ad aggiungerne!!
|
MARC
| LEADER | 00000naa$a2200000$$$4500 | ||
|---|---|---|---|
| 001 | 0258982 | ||
| 005 | 20240502074110.4 | ||
| 041 | 0 | |a eng | |
| 044 | |a SK | ||
| 245 | 1 | 0 | |a Gender Inequality from a Cultural Perspective |c Tatiana Hrivíková |
| 520 | |a Rodová identita ako jedna z početných zložiek identity jednotlivca. Analýza najnovších meraní rodovej nerovnosti a jej dôsledkov pre kultúru, život jednotlivcov a hospodársky rozvoj krajín, najmä členov Európskej únie. | ||
| 610 | 2 | 0 | |a nerovnosť rodová |
| 610 | 2 | 0 | |a kultúra |
| 610 | 2 | 0 | |a ženy |
| 610 | 2 | 0 | |a diskriminácia |
| 610 | 2 | 0 | |a politika |
| 100 | 1 | |a Hrivíková, Tatiana, 1959- | |